<?xml version="1.0" encoding="UTF-8"?>
<record
    xmlns:xsi="http://www.w3.org/2001/XMLSchema-instance"
    xsi:schemaLocation="http://www.loc.gov/MARC21/slim http://www.loc.gov/standards/marcxml/schema/MARC21slim.xsd"
    xmlns="http://www.loc.gov/MARC21/slim">

  <leader>01577nam a2200325 i 4500</leader>
  <controlfield tag="001">62247</controlfield>
  <controlfield tag="003">ES-MaACL</controlfield>
  <controlfield tag="005">20251118151644.0</controlfield>
  <controlfield tag="007">t|</controlfield>
  <controlfield tag="008">031119s1932    sp           ||||1| spa d</controlfield>
  <datafield tag="100" ind1="1" ind2=" ">
    <subfield code="a">Feijoo, Benito Jer&#xF3;nimo,</subfield>
    <subfield code="d">1676-1764</subfield>
    <subfield code="9">49105</subfield>
  </datafield>
  <datafield tag="245" ind1="1" ind2="0">
    <subfield code="a">Controversias cl&#xE1;sicas sobre medicina : </subfield>
    <subfield code="b">(siglo XVIII) / </subfield>
    <subfield code="c">Padre Feijoo, Dr. Mart&#xED;n Mart&#xED;nez.</subfield>
  </datafield>
  <datafield tag="250" ind1=" " ind2=" ">
    <subfield code="a">2&#xAA; ed.</subfield>
  </datafield>
  <datafield tag="260" ind1=" " ind2=" ">
    <subfield code="a">Masnou, Barcelona : </subfield>
    <subfield code="b">[s.n.], </subfield>
    <subfield code="c">1932 (</subfield>
    <subfield code="f">Tip. de los Laboratorios del Norte de Espa&#xF1;a)</subfield>
  </datafield>
  <datafield tag="300" ind1=" " ind2=" ">
    <subfield code="a">53 p. : </subfield>
    <subfield code="b">il. ; </subfield>
    <subfield code="c">22 cm.</subfield>
  </datafield>
  <datafield tag="490" ind1="1" ind2=" ">
    <subfield code="a">Colecci&#xF3;n de publicaciones m&#xE9;dicas hist&#xF3;rico-art&#xED;sticas ; </subfield>
    <subfield code="v">6</subfield>
  </datafield>
  <datafield tag="505" ind1="8" ind2=" ">
    <subfield code="a">Contiene: El Padre Benito Feijoo (biograf&#xED;a) . Medicina: discurso quinto . El Dr. Mart&#xED;n Mart&#xED;nez (biograf&#xED;a) . R&#xE9;plica al Discurso quinto "medicina" del Teatro cr&#xED;tico universal, del Rmo. P. Mro. Fr. Benito Feijoo / por el Dr. Mart&#xED;n Mart&#xED;nez</subfield>
  </datafield>
  <datafield tag="530" ind1=" " ind2=" ">
    <subfield code="a">Disponible en formato digital.</subfield>
  </datafield>
  <datafield tag="599" ind1=" " ind2=" ">
    <subfield code="a">Retr. de Benito Feijoo y de Mart&#xED;n Mart&#xED;nez.</subfield>
  </datafield>
  <datafield tag="600" ind1="1" ind2="4">
    <subfield code="a">Feijoo, Benito Jer&#xF3;nimo,</subfield>
    <subfield code="d">1676-1764</subfield>
    <subfield code="9">49105</subfield>
  </datafield>
  <datafield tag="600" ind1="1" ind2="4">
    <subfield code="a">Mart&#xED;nez, Mart&#xED;n, </subfield>
    <subfield code="d">1684-1734</subfield>
    <subfield code="9">173203</subfield>
  </datafield>
  <datafield tag="650" ind1=" " ind2="4">
    <subfield code="a">Medicina-</subfield>
    <subfield code="z">Espa&#xF1;a-</subfield>
    <subfield code="y">S.XVIII</subfield>
    <subfield code="9">14905</subfield>
  </datafield>
  <datafield tag="700" ind1="1" ind2=" ">
    <subfield code="a">Mart&#xED;nez, Mart&#xED;n, </subfield>
    <subfield code="d">1684-1734</subfield>
    <subfield code="9">173203</subfield>
  </datafield>
  <datafield tag="710" ind1="2" ind2=" ">
    <subfield code="a">Laboratorios del Norte de Espa&#xF1;a.</subfield>
    <subfield code="9">5476</subfield>
  </datafield>
  <datafield tag="830" ind1="1" ind2=" ">
    <subfield code="a">Colecci&#xF3;n de publicaciones m&#xE9;dicas hist&#xF3;rico-art&#xED;sticas ; </subfield>
    <subfield code="v">6</subfield>
    <subfield code="9">182835</subfield>
  </datafield>
  <datafield tag="852" ind1="4" ind2=" ">
    <subfield code="a">ES-MaACL</subfield>
    <subfield code="j">1933-F-5</subfield>
    <subfield code="c">DEPOF</subfield>
    <subfield code="z">Revisado enlace: 19 de Abril de 2025</subfield>
  </datafield>
  <datafield tag="856" ind1="4" ind2=" ">
    <subfield code="u">https://archive.org/details/b30629172</subfield>
    <subfield code="y">Internet Archive</subfield>
  </datafield>
  <datafield tag="942" ind1=" " ind2=" ">
    <subfield code="2">udc</subfield>
  </datafield>
  <datafield tag="999" ind1=" " ind2=" ">
    <subfield code="c">62247</subfield>
    <subfield code="d">62247</subfield>
  </datafield>
  <datafield tag="952" ind1=" " ind2=" ">
    <subfield code="0">0</subfield>
    <subfield code="1">0</subfield>
    <subfield code="4">0</subfield>
    <subfield code="7">0</subfield>
    <subfield code="8">Colecci&#xF3;n_de_folletos</subfield>
    <subfield code="a">ATENEOM</subfield>
    <subfield code="b">ATENEOM</subfield>
    <subfield code="c">DEPOF</subfield>
    <subfield code="d">2008-01-17</subfield>
    <subfield code="e">SC</subfield>
    <subfield code="l">0</subfield>
    <subfield code="o">1933-F-5</subfield>
    <subfield code="p">1065257</subfield>
    <subfield code="r">2023-02-23 00:00:00</subfield>
    <subfield code="w">2023-02-23</subfield>
    <subfield code="y">FOLLETOS</subfield>
  </datafield>
</record>
